Riconosci il Pokémon - Quiz n°54 - Statistics

Statistiche generali
  • Questo quiz è stato fatto 5 volte
  • Il punteggio medio è 10 su 10
Statistiche sulle risposte
Indizio Risposta % Corretto
Peso 132,5 kg
100%
Altezza 1,5 m
100%
Sesso 50% ♂, 50% ♀
100%
Tasso di cattura 60 (14.8%)
100%
Tipo Acqua / Ghiaccio
100%
Pokémon Cloyster
100%
Abilità Guscioscudo; Abillegame; Copricapo
100%
Tasso di allevamento Lento
100%
Generazione Prima
100%
Stadio evoluzione Prima evoluzione
100%
Nessun quiz corrispondente trovato
Distribuzione punteggi
Percentuale di utenti per punteggio
Percentile per numero di risposta
I tuoi punteggi nel tempo
Non hai fatto questo quiz